Estatísticas para Países mais próximos da Jordânia

Clique aqui para jogar o quiz

Estatísticas Gerais

  • Esse quiz foi jogado 48 vezes
  • A pontuação média é 16 de 21

Estatísticas das Respostas

kmpaís% Correto
0Arábia Saudita
100%
0Israel
98%
0Síria
95%
45Líbano
93%
7Egito
90%
601Irão
90%
0Iraque
90%
342Turquia
88%
937Geórgia
83%
776Kuweit
83%
887Armênia
78%
291Chipre
78%
971Líbia
73%
868Azerbaijão
66%
1269Bahrein
66%
673Grécia
63%
1122Rússia
61%
1269Eritreia
56%
1233Bulgária
54%
802Sudão
51%
0Palestina
44%

Distribuição das Pontuações

Percentil de Números Respondidos

Porcentagem de Pessoas com Cada Pontuação

Sua Pontuação Histórica

Você não jogou esse quiz